[Event "Titled Tuesday intern op 11th Aug"]
[Site "Chess.com INT"]
[Date "2020.08.11"]
[Round "1"]
[White "Gelman, Alexander"]
[Black "Hilwerda, Jonas"]
[Result "1-0"]
[WhiteElo "2403"]
[BlackElo "2209"]
[PlyCount "45"]
[EventDate "2020.08.11"]
[EventType "swiss (blitz)"]
[EventRounds "10"]
[EventCountry "USA"]
[SourceTitle "CBM 197 Extra"]
[Source "ChessBase"]
[SourceDate "2020.09.30"]
[SourceVersion "1"]
[SourceVersionDate "2020.09.30"]
[SourceQuality "1"]

1. d4 Nf6 2. Nc3 d5 3. Bf4 c6 4. f3 Bf5 5. g4 Bg6 6. h4 h5 7. g5 Nfd7 8. e4 dxe4 9. fxe4 Qa5 10. Nf3 Bxe4 11. Qe2 Bd5 12. g6 fxg6 13. 0-0-0 Na6 14. Nxd5 cxd5 15. Qe6 Rc8 16. Bh3 Qa4 17. Kb1 Qxc2+ 18. Ka1 Qa4 19. Ne5 Nab8 20. Qxg6+ Kd8 21. Nf7+ Ke8 22. Nd6+ Kd8 23. Nxb7# 1-0

[Event "Titled Tuesday intern op 11th Aug"]
[Site "Chess.com INT"]
[Date "2020.08.11"]
[Round "6"]
[White "Hilwerda, Jonas"]
[Black "Sadykov, Ramil"]
[Result "0-1"]
[WhiteElo "2209"]
[BlackElo "2345"]
[PlyCount "32"]
[EventDate "2020.08.11"]
[EventType "swiss (blitz)"]
[EventRounds "10"]
[EventCountry "USA"]
[SourceTitle "CBM 197 Extra"]
[Source "ChessBase"]
[SourceDate "2020.09.30"]
[SourceVersion "1"]
[SourceVersionDate "2020.09.30"]
[SourceQuality "1"]

1. d4 Nf6 2. Bf4 d5 3. e3 c5 4. Nc3 e6 5. Nb5 Na6 6. c3 Be7 7. Nf3 0-0 8. a4 Nh5 9. Bd3 Nxf4 10. exf4 c4 11. Bc2 Bd7 12. Ne5 Nc7 13. Nxc7 Qxc7 14. h4 Bd6 15. Qh5 f5 16. g4 Be8 0-1